Statistics for Alabama Crimson Tide Football Shutouts (Nick Saban Era)

Click here to take the quiz!

General Stats

  • This quiz has been taken 288 times
    (266 since last reset)
  • The average score is 9 of 20

Answer Stats

YearScoreAnswer% Correct
201610-0lsu
93%
2011 (national championship)21-0lsu
93%
200836-0auburn
87%
201249-0auburn
87%
201325-0ole miss
84%
201759-0vanderbilt
69%
201459-0texas am
63%
201352-0arkansas
61%
201252-0arkansas
61%
201134-0vanderbilt
56%
2015 (cotton bowl)38-0michigan state
54%
201349-0chattanooga
18%
200945-0chattanooga
18%
201235-0western kentucky
18%
201534-0louisiana monroe
17%
201249-0western carolina
17%
201441-0florida atlantic
16%
201648-0kent state
11%
201141-0north texas
11%
200835-0arkansas state
5%

Score Distribution

Percentile by Number Answered

Percent of People with Each Score

Your Score History

You have not taken this quiz since the last reset